[Event "Challenge"]
[Site "http://www.queenalice.com/game.php?id=75858"]
[Date "2006.6.12"]
[Round "-"]
[White "alisonkarina"]
[Black "rrduarte"]
[Result "0-1"]
[WhiteElo "1174"]
[BlackElo "1343"]

1. e4 e5 2. Qh5 Nf6 3. Qxe5+ Be7 4. Bc4 d6 5. Qg5 O-O 6. d3 h6 7. Qb5 c6 8. Qb4
d5 9. Qc3 dxc4 10. dxc4 Nxe4 11. Qe5 Nc5 12. Nf3 Bd6 13. Qe2 Qe7 14. Qxe7 Bxe7
15. O-O Bf5 16. Ne5 Bxc2 17. Nd2 Nd3 18. Ndf3 Bc5 19. Bf4 Nxf4 20. Rae1 Re8 21.
b4 Bxb4 22. Re4 Bxe4 23. Nxf7 Bc5 24. N3e5 Rxe5 25. Nxe5 Bxg2 26. a4 Na6 27. Re1
Nb4 28. Ng6 Nbd3 29. Re7 Nxf2 30. Nxf4 Bf3 31. Ne6 Ne4+ 32. Kf1 Nd2+ 33. Ke1 h5
34. Rxg7+ Kh8 35. Kxd2 Be2 0-1

[Event "again"]
[Site "http://www.queenalice.com/game.php?id=78168"]
[Date "2006.6.19"]
[Round "-"]
[White "alisonkarina"]
[Black "rrduarte"]
[Result "1-0"]
[WhiteElo "1275"]
[BlackElo "1315"]

1. e4 Nc6 2. Bc4 Nf6 3. Nc3 e5 4. Nf3 Bb4 5. O-O O-O 6. d3 d6 7. Nb5 Bc5 8. Ng5
Bg4 9. h3 Bh5 10. Nxh7 d5 11. Bxd5 1-0

[Event "Agora é pra valer 1.1"]
[Site "http://www.queenalice.com/game.php?id=80146"]
[Date "2006.6.26"]
[Round "-"]
[White "rrduarte"]
[Black "alisonkarina"]
[Result "0-1"]
[WhiteElo "1285"]
[BlackElo "1488"]

1. e4 e5 2. Nf3 Nc6 3. Nc3 Nf6 4. Bc4 Bc5 5. O-O O-O 6. d3 Nb4 7. b3 Ng4 8. Nxe5
Qf6 9. Nxg4 Qxc3 10. Ne3 Qxa1 11. Bd2 Qxd1 12. Rxd1 d6 13. Nd5 Nxc2 14. Nxc7 Rb8
15. Nb5 Bg4 16. Rc1 Nd4 17. Nxd4 Bxd4 18. b4 a6 19. Bg5 b5 20. h3 Be2 21. Be7
Rfe8 22. Bxd6 Rb6 23. e5 Bxe5 24. Bc5 Rg6 25. f3 Bxf3 26. d4 Rxg2+ 27. Kh1 Bf4
28. Rg1 bxc4 29. Rxg2 Re1# 0-1

[Event "Agora é pra valer 1.2"]
[Site "http://www.queenalice.com/game.php?id=80147"]
[Date "2006.6.26"]
[Round "-"]
[White "alisonkarina"]
[Black "rrduarte"]
[Result "0-1"]
[WhiteElo "1552"]
[BlackElo "1296"]

1. e4 e5 2. c3 Nf6 3. Bc4 c6 4. d3 d5 5. Nf3 Bc5 6. Nxe5 O-O 7. exd5 cxd5 8. Bb3
Re8 9. Qe2 Bf5 10. O-O Ng4 11. Ba4 Rxe5 12. Qf3 Qh4 13. h3 Bxd3 14. Qxd3 Bxf2+
15. Kh1 Ne3 16. Qe2 b5 17. Bxb5 Nxf1 18. Qxf1 Re1 19. Qxe1 Bxe1 20. a4 Qf2 21.
b3 a6 22. Bxa6 Nxa6 23. Na3 d4 24. cxd4 Qxd4 25. Nb5 Qxa1 26. Bf4 Bd2+ 27. Kh2
Bxf4+ 28. g3 Be3 29. Kg2 Qg1+ 30. Kf3 Qf2+ 31. Kg4 g6 32. Nd6 f5+ 0-1

[Event "New life"]
[Site "http://www.queenalice.com/game.php?id=85171"]
[Date "2006.7.12"]
[Round "-"]
[White "CleoGodoy"]
[Black "rrduarte"]
[Result "1-0"]
[WhiteElo "1581"]
[BlackElo "1287"]

1. e4 d5 2. exd5 Nf6 3. c4 c6 4. dxc6 bxc6 5. Nf3 e6 6. Nc3 Bc5 7. Be2 O-O 8. d3
Bb4 9. Bd2 Na6 10. O-O Nc5 11. a3 Ba5 12. b4 Nxd3 13. bxa5 c5 14. Bg5 Nb2 15.
Qc2 Rb8 16. Ne5 Qd4 17. Bxf6 gxf6 18. Nc6 Nxc4 19. Nxd4 e5 20. Bxc4 exd4 21. Ne4
f5 22. Nf6+ Kg7 23. Nh5+ Kg8 24. Bd3 f6 25. Qxc5 Rb3 26. Bc4+ Be6 27. Bxe6+ Rf7
28. Qc8# 1-0

[Event "2"]
[Site "http://www.queenalice.com/game.php?id=85172"]
[Date "2006.7.12"]
[Round "-"]
[White "rrduarte"]
[Black "CleoGodoy"]
[Result "0-1"]
[WhiteElo "1320"]
[BlackElo "1695"]

1. Nf3 Nc6 2. d4 d5 3. e3 Bf5 4. Bb5 Nf6 5. O-O e6 6. Ne5 Qd6 7. Nd3 Be7 8. h3
O-O 9. Bd2 Ne4 10. Bxc6 bxc6 11. Ne5 f6 12. g4 fxe5 13. dxe5 Qxe5 14. gxf5 Rxf5
15. Kg2 Bd6 16. f4 Qxb2 17. Nc3 Nxc3 18. Qc1 Qxc1 19. Rfxc1 Ne4 20. Be1 c5 21.
Rcb1 e5 22. Rb5 exf4 23. Kf3 h5 24. Rab1 c6 25. Rb7 fxe3+ 26. Kxe3 Bf4+ 27. Kd3
Re8 28. Bd2 c4+ 29. Ke2 Nxd2+ 30. Kf2 Nxb1 31. Rxb1 Bh2+ 32. Kg2 Re2+ 33. Kh1
Be5 34. Kg1 Rff2 35. Kh1 Kh7 36. Kg1 Bd4 37. Rf1 Rh2+ 0-1

[Event "AUTO-ADV-209"]
[Site "http://www.queenalice.com/game.php?id=87692"]
[Date "2006.7.20"]
[Round "1"]
[White "rrduarte"]
[Black "joaoreis001"]
[Result "0-1"]
[WhiteElo "1308"]
[BlackElo "1742"]

1. Nc3 e5 2. e4 Bb4 3. Nf3 Nc6 4. Bc4 d6 5. d3 Nf6 6. O-O O-O 7. Nd5 Nxd5 8.
Bxd5 Bg4 9. Bg5 Qd7 10. c3 Bc5 11. d4 exd4 12. cxd4 Nxd4 13. Bxb7 Rab8 14. Bd5
Rxb2 15. Qe1 Bxf3 16. Bc1 Qg4 17. g3 Qh3 0-1

[Event "AUTO-ADV-209"]
[Site "http://www.queenalice.com/game.php?id=87693"]
[Date "2006.7.20"]
[Round "1"]
[White "joaoreis001"]
[Black "rrduarte"]
[Result "1-0"]
[WhiteElo "1694"]
[BlackElo "1322"]

1. Nf3 Nc6 2. g3 Nf6 3. Bg2 e6 4. O-O Bc5 5. c4 O-O 6. Nc3 Nd4 7. b3 d5 8. e3
Nxf3+ 9. Bxf3 d4 10. Ne4 dxe3 11. Nxc5 exf2+ 12. Rxf2 Qd4 13. Ba3 b6 14. Bxa8
bxc5 15. d3 Ng4 16. Qf1 Nxf2 17. Rb1 Nd1+ 18. Kg2 Ne3+ 19. Kh1 Nxf1 20. Rxf1
Qxd3 21. Rf3 Qd1+ 22. Kg2 f5 23. Bxc5 Rd8 24. a4 Rd2+ 25. Bf2 Rc2 26. Rf4 Rc1
27. b4 Qh1+ 28. Kh3 Qxa8 29. b5 e5 30. Be3 Re1 31. Bf2 exf4 32. Bxe1 Qe4 33. Bd2
1-0

[Event "AUTO-ADV-209"]
[Site "http://www.queenalice.com/game.php?id=87696"]
[Date "2006.7.20"]
[Round "1"]
[White "rrduarte"]
[Black "jocachess"]
[Result "0-1"]
[WhiteElo "1333"]
[BlackElo "1460"]

1. Nf3 d6 2. Nc3 Nf6 3. e4 e5 4. Bb5+ Nbd7 5. d3 a6 6. Ba4 Be7 7. Bg5 O-O 8. O-O
h6 9. Bh4 Nb6 10. Bxf6 Bxf6 11. Bb3 Be6 12. d4 Bc4 13. Bxc4 Nxc4 14. Nd5 Nxb2
15. Qb1 Nc4 16. Qxb7 Na5 17. Qb1 Rb8 18. Qc1 c6 19. Qa3 cxd5 20. dxe5 dxe5 21.
Rab1 Be7 22. Rxb8 Bxa3 23. Rxd8 Rxd8 24. Nxe5 dxe4 0-1

[Event "AUTO-ADV-209"]
[Site "http://www.queenalice.com/game.php?id=87697"]
[Date "2006.7.20"]
[Round "1"]
[White "jocachess"]
[Black "rrduarte"]
[Result "1-0"]
[WhiteElo "1538"]
[BlackElo "1306"]

1. e4 e5 2. Nf3 Nc6 3. Bb5 a6 4. Bxc6 bxc6 5. Nc3 c5 6. Nxe5 Qe7 7. d4 cxd4 8.
Qxd4 d6 9. Nc6 Qh4 10. g3 Qh3 11. Bf4 a5 12. e5 Qg2 13. Qe4 Bh3 14. exd6+ Kd7
15. Ne5+ Ke6 16. Qxa8 Bxd6 17. Qe8+ Kf6 18. Qxf7# 1-0

[Event "Challenge"]
[Site "http://www.queenalice.com/game.php?id=88208"]
[Date "2006.7.21"]
[Round "-"]
[White "mohsinraza"]
[Black "rrduarte"]
[Result "1-0"]
[WhiteElo "1354"]
[BlackElo "1318"]

1. e4 e5 2. Nf3 Nc6 3. Bb5 Bc5 4. d4 exd4 5. c4 Bb4+ 6. Nbd2 d6 7. Nxd4 Nf6 8.
O-O O-O 9. N2f3 a6 10. Bxc6 bxc6 11. Nxc6 Qe8 12. Nxb4 Qxe4 13. b3 Nh5 14. Re1
Qg4 15. Nd5 Bd7 16. Nxc7 Nf4 17. Bxf4 Qxf4 18. Nxa8 Rxa8 19. Re7 Bc6 20. Qe2 Qf6
21. Re1 g5 22. Qd3 g4 23. Nd2 Qg5 24. Qxd6 Re8 25. Rxe8+ Bxe8 26. Rxe8+ Kg7 27.
Qf8+ Kf6 28. Ne4+ 1-0

[Event "Challenge"]
[Site "http://www.queenalice.com/game.php?id=89448"]
[Date "2006.7.25"]
[Round "-"]
[White "CaHeZa"]
[Black "rrduarte"]
[Result "0-1"]
[WhiteElo "1399"]
[BlackElo "1327"]

1. e4 e5 2. Nf3 d6 3. Nc3 Nf6 4. Bb5+ c6 5. Ba4 b5 6. Bb3 d5 7. exd5 cxd5 8.
Nxb5 d4 9. Nxe5 Qb6 10. Nxf7 Bg4 11. f3 Rg8 12. Nfd6+ Kd7 13. Bxg8 d3 14. Bc4
Bxd6 15. h3 Bf5 16. Bxd3 Bg3+ 0-1

[Event "Challenge"]
[Site "http://www.queenalice.com/game.php?id=89449"]
[Date "2006.7.25"]
[Round "-"]
[White "rrduarte"]
[Black "CaHeZa"]
[Result "0-1"]
[WhiteElo "1318"]
[BlackElo "1368"]

1. d4 d5 2. e3 Nf6 3. f3 Bf5 4. Nc3 e6 5. e4 dxe4 6. fxe4 Bg4 7. Be2 Bxe2 8.
Ngxe2 Bb4 9. O-O O-O 10. a3 Ba5 11. b4 Bb6 12. Bg5 Nbd7 13. Nf4 e5 14. Nfd5
Bxd4+ 15. Be3 Bxe3+ 16. Nxe3 c6 17. Ng4 Nxg4 18. Qxg4 Nf6 19. Qf5 Qd4+ 20. Rf2
Qxc3 21. Raf1 Qe3 22. Qf3 Qd4 23. Qg3 Nxe4 24. Qg4 Nxf2 25. Qxd4 exd4 26. Rxf2
Rfe8 27. Kf1 Rad8 0-1

[Event "Challenge"]
[Site "http://www.queenalice.com/game.php?id=94946"]
[Date "2006.8.12"]
[Round "-"]
[White "xmas"]
[Black "rrduarte"]
[Result "1-0"]
[WhiteElo "1412"]
[BlackElo "1346"]

1. e4 e5 2. Nf3 Nc6 3. Bc4 Nf6 4. O-O Nxe4 5. d3 Nf6 6. Bg5 Bc5 7. Nc3 O-O 8.
Nd5 Nd4 9. Nxe5 c6 10. Qg4 cxd5 11. Bxd5 Nxg4 12. Bxd8 Rxd8 13. Nxf7 Ne2+ 14.
Kh1 Nf4 15. Bc4 Rf8 16. Ne5+ d5 17. Bxd5+ Nxd5 18. c4 Nxf2+ 19. Rxf2 Rxf2 20. a3
1-0

[Event "Challenge"]
[Site "http://www.queenalice.com/game.php?id=95165"]
[Date "2006.8.12"]
[Round "-"]
[White "PGeon"]
[Black "rrduarte"]
[Result "1-0"]
[WhiteElo "1405"]
[BlackElo "1299"]

1. d4 d5 2. g3 Nc6 3. Bg2 Nf6 4. Nc3 e6 5. Nf3 Bb4 6. O-O O-O 7. a3 Ba5 8. b4
Bb6 9. e3 a5 10. b5 Ne7 11. Re1 a4 12. Na2 c6 13. bxc6 bxc6 14. c3 Ba6 15. Qxa4
1-0

[Event "querido"]
[Site "http://www.queenalice.com/game.php?id=95181"]
[Date "2006.8.12"]
[Round "-"]
[White "alisonkarina"]
[Black "rrduarte"]
[Result "0-1"]
[WhiteElo "1699"]
[BlackElo "1287"]

1. e4 e5 2. Bc4 c6 3. Nh3 Bc5 4. Qf3 Nf6 5. O-O O-O 6. Nc3 d5 7. exd5 cxd5 8.
Nxd5 Bg4 9. Qb3 Nxd5 10. Bxd5 Qh4 11. Qxb7 Be2 12. Re1 Bc4 13. g3 Qd4 14. Qxa8
Bxd5 15. c3 Qd3 16. Qxd5 Qxd5 17. d4 exd4 18. Rd1 d3 19. Bg5 Qf3 20. Kf1 f6 21.
Bf4 g5 22. a4 gxf4 23. Nxf4 Qxf2# 0-1